Ragamala painting : (Record no. 5013)

MARC details
000 -LEADER
fixed length control field 00591 a2200169 4500
010 ## - LCCN (DPL NO)
LC control number ENG-86691
020 ## - INTERNATIONAL STANDARD BOOK NUMBER
International Standard Book Number 8181500164
Terms of availability 1500.00
035 ## - SYSTEM CONTROL NUMBER
System control number EN-70224
037 ## - SOURCE OF ACQUISITION
Source of stock number/acquisition DBAD / PUB
082 14 - DEWEY DECIMAL CLASSIFICATION NUMBER
Classification number 759.954
100 ## - MAIN ENTRY--PERSONAL NAME
Personal name Gill, Ranjit Singh
245 1# - TITLE STATEMENT
Title Ragamala painting :
Statement of responsibility, etc by Ranjit Singh Gill
Remainder of title a journey from music to art /
260 ## - PUBLICATION, DISTRIBUTION, ETC. (IMPRINT)
Place of publication, distribution, etc New Delhi
Name of publisher, distributor, etc Aravali Books International
Date of publication, distribution, etc 2006
270 ## - ADDRESS
Address W-30, Okhla Industrial Area, Phase II,
City New Delhi
Postal code 110 020
Telephone number 26388830-32
Electronic mail address Aravali@nde.vsnl.net.in
300 ## - PHYSICAL DESCRIPTION
Extent 171p
Dimensions 29cm (Hb)
Other physical details ill.
942 ## - ADDED ENTRY ELEMENTS (KOHA)
Institution code [OBSOLETE] dpl
Item type English Books
Source of classification or shelving scheme Dewey Decimal Classification
Classification part 759.954
Call number suffix GIL
Holdings
Withdrawn status Lost status Not for loan Collection code Home library Current library Source of acquisition Cost, normal purchase price Full call number Barcode Copy number Cost, replacement price Koha item type
    Not For Loan Non-fiction D.B.Act.Division D.B.Act.Division DBAD/PUB 1500.00 759.954 GIL EN-70224 1 1500.00 English Books

© Delhi Public Library
Hit Counter
free hit counter